000 01671nam a2200361 4500
003 CO-CtgCURN
005 20250331185207.0
007 ta
008 160627s2001 000 0 eng d
020 _a9586558274
040 _aCO-CtgCURN
_bspa
_ccoctgcurn
082 0 _a616.6 U78
_bU78
245 0 0 _aUrología /
_cJuan Fernando Arango López de Mesa ... [et al.] ; editores Jesús de los Ríos Osorio y Soledad de los Ríos Osorio.
260 _aMedellin :
_bUniversidad de Antioquia,
_c2001.
300 _axxiv, 576 p :
_bil., fot., diagrs.
336 _2rdacontent
337 _2rdamedia
_asin mediacion
_bn
338 _2rdacarrier
_avolumen
_bnc
490 1 _aYuluka. Medicina. Cirugia
504 _aReferencias bibiograficas al final de cada capitulo.
505 8 _aEnfermedades infeccioas genitourinarias.--Uropatía obstructiva alta-litiasis del tracto urinario.--Tumores del tracto genitourinario.--Trauma genitourinario.--Patología funcional de vejiga.--Patología benigna de la próstata.--Patología del pene.--Patología escrotal benigna.--Infertilidad.--Urología infantil.--Laparoscopia, complicaciones y derivaciones
650 1 4 _aEnfermedades del aparato urinario.
650 1 4 _aEnfermedades de la vejiga.
650 1 4 _aEnfermedades de la próstata.
700 1 _aArango López de Mesa, Juan Fernando.
700 1 _aArango Zuluaga, Juan Francisco.
700 1 _aArenas Arévalo, Arturo.
700 1 _aRíos Osorio, Jesus de los,
_eeditor.
700 1 _aRíos Osorio, Soledad de los,
_eeditor.
908 _a160627
942 _cBK
_h616.6 U78
_iU78
_2ddc
999 _c22536
_d22536